Задачи и упражнения по математическому анализу для втузов: учебное пособие

Bibliografiset tiedot
Muut tekijät: Демидович Б. П. Борис Павлович (редактор)
Yhteenveto:Данный сборник содержит свыше 3000 задач и охватывает все разделы втузовского курса высшей математики. В сборнике приводятся основные теоретические сведения, определения, формулы к каждому разделу курса, а так же для лиц, занимающихся самообразованием.
Kieli:venäjä
Julkaistu: Москва, Астрель, 2008
Aiheet:
Aineistotyyppi: Kirja
KOHA link:https://koha.lib.tpu.ru/cgi-bin/koha/opac-detail.pl?biblionumber=183547

MARC

LEADER 00000nam0a2200000 4500
001 183547
005 20231101223750.0
010 |a 9785170029655 
010 |a 978-5-271-01118-4 
035 |a (RuTPU)RU\TPU\book\198964 
035 |a RU\TPU\book\158089 
090 |a 183547 
100 |a 20100811d2008 m y0rusy50 ca 
101 0 |a rus 
102 |a RU 
105 |a a j 000zy 
200 1 |a Задачи и упражнения по математическому анализу для втузов  |e учебное пособие  |f под ред. Б. П. Демидовича 
210 |a Москва  |c Астрель  |c АСТ  |d 2008 
215 |a 495 с.  |c ил. 
330 |a Данный сборник содержит свыше 3000 задач и охватывает все разделы втузовского курса высшей математики. В сборнике приводятся основные теоретические сведения, определения, формулы к каждому разделу курса, а так же для лиц, занимающихся самообразованием. 
451 1 |0 (RuTPU)RU\TPU\book\131638  |y 5-271-01118-6  |t Задачи и упражнения по математическому анализу для втузов  |o учебное пособие  |f под ред. Б. П. Демидовича  |c М.  |n Астрель  |n АСТ  |d 2006  |p 495 с. 
451 |y 5-17-002965-9 
606 1 |a Математический анализ  |2 stltpush  |3 (RuTPU)RU\TPU\subj\41236  |9 61042 
610 1 |a математика 
610 1 |a высшая математика 
610 1 |a функции одной переменной 
610 1 |a дифференциальное исчисление 
610 1 |a функции 
610 1 |a экстремумы функций 
610 1 |a неопределенные интегралы 
610 1 |a определенные интегралы 
610 1 |a функции нескольких переменных 
610 1 |a кратные интегралы 
610 1 |a криволинейные интегралы 
610 1 |a ряды 
610 1 |a приближенные вычисления 
610 1 |a задачи 
610 1 |a упражнения 
610 1 |a учебные пособия 
610 1 |a дифференцирование 
675 |a 517(076)  |v 3 
702 1 |a Демидович  |b Б. П.  |g Борис Павлович  |4 340 
801 1 |a RU  |b 63413507  |c 20050606  |g PSBO 
801 2 |a RU  |b 63413507  |c 20211021  |g PSBO 
900 |a Математический анализ 
942 |c BK